000 00292nam a22001337a 4500
008 170426b xxu||||| |||| 00| 0 eng d
020 _a9780669354911
041 _aeng
080 _210TH
_a54
100 _a12
101 _aSHM
245 _aGENERAL CHEMISTRY
_cHERED, G.R
942 _2udc
_cBK
999 _c12160
_d12160